| 000 | 01034nam a2200229Ia 4500 | ||
|---|---|---|---|
| 003 | OSt | ||
| 005 | 20241101094611.0 | ||
| 007 | ca aa aaaaa | ||
| 008 | 201103s9999 xx 000 0 und d | ||
| 040 | _cSSBUL | ||
| 041 | _abur | ||
| 082 |
_223 _a၂၉၄.၃၄၄၃၅ _bဂို |
||
| 100 | 0 |
_aဂိုအင်ကာ၊ ဦး၊ ဆရာကြီး _917310 |
|
| 245 | 1 | 0 |
_aဆယ်ရက်တရားပတ်ဓမ္မဒေသနာ / _cဆရာကြီးဦးဂိုအင်ကာ၊ ဘာသာပြန်သူ ကြည်ကြည်ဝိန်။ |
| 250 | _aဒုတိယအကြိမ်။ | ||
| 260 |
_a[ရန်ကုန်ု] ၊ _b[ဝိပဿနာသုတေသနအဖွဲ့]၊ _cခုနှစ်မပါ။ |
||
| 300 |
_a၃၆၂ စာမျက်နှာ ၊ _c၂၀ စင်တီ။ |
||
| 500 | _aS-SAT: Sai Aung Tun | ||
| 650 | _aဝိပဿနာ | ||
| 700 |
_aကြည်ကြည်ဝိန် _eဘာသာပြန်သူ _955123 |
||
| 942 |
_2ddc _cBK1 |
||
| 999 |
_c16686 _d16686 |
||